00319nam a2200121 a 4500008004100000050001600041100002000057245005800077250001100135260002600146300001600172350000900188120416s1930 ||||||||||||||||| || u aHG 1572 Bar aBarker, H. A. F14aThe principle and practice of banking in South Africa a2nd ed aCape TownbJutac1930 aviii, 512p. a0.00